000 01302nam a2200313 a 4500
001 41955
003 BD-RjUL
005 20211209053456.0
008 160608s1987 enk b 001 0 eng
020 _a0813301211 (alk. paper)
_c: $37.50
020 _a081330122X (pbk. : alk. paper)
_c: $15.95
035 _a(BD-RjUL)42073
040 _dBD-RjUL
_beng
_aBD-RjUL
_cBD-RjUL
041 _aeng
082 0 0 _a327.0956
_219
_bSEC 1987
245 0 0 _aSecurity in the Middle East :
_bregional change and great power strategies /
_cedited by Samuel F. Wells, Jr. and Mark A. Bruzonsky.
260 _aBoulder, Colo. :
_bWestview Press,
_c1987.
300 _ax, 366 p. ;
_c24 cm.
500 _aPapers from Core Seminar meetings sponsored by the International Security Studies Program of the Woodrow Wilson International Center for Scholars, 1981-1983.
500 _a"A Wilson Center book"--Jacket.
500 _aIncludes index.
504 _aBibliography: p. 347-349.
651 0 _aMiddle East
_xPolitics and government
_y1945-
_9127303
651 0 _aMiddle East
_xStrategic aspects.
_9128961
700 1 _aWells, Samuel F.
_9128962
700 1 _aBruzonsky, Mark A.
_9128963
710 2 _aWoodrow Wilson International Center for Scholars.
_bInternational Security Studies Program.
_9128964
942 _2ddc
_cBK
999 _c41955
_d41955